00387nam a2200109Ia 4500008004100000041000800041100001300049245013600062260003500198300000800233700003600241250110s9999 xx 000 0 und d aeng aGodse G. aEcological Land Design As A Tool To Curb Pune's Urban Enviromental Pollution Designing Of An Eco-Urban Module For Pune .-0603ed ed. bM Arch Environment, Punec2008 a68p aGuide Name:Sahastrabuddhe Swati